Statistics for Cities with Large Airports for their Size

Click here to take the quiz!

General Stats

  • This quiz has been taken 319 times
  • The average score is 5 of 10

Answer Stats

Passengers per Thousand ResidentsCity% Correct
8447Atlanta
85%
10166Denver
68%
6468Miami
62%
8384Orlando
58%
10472Las Vegas
55%
7125San Francisco
49%
8564Charlotte
46%
9941Honolulu
46%
9900Salt Lake City
45%
20610Maui
10%

Score Distribution

Percentile by Number Answered

Percent of People with Each Score

Your Score History

You have not taken this quiz